Statistics for Psych quiz

Click here to take the quiz!

General Stats

  • This quiz has been taken 19 times
  • The average score is 5 of 11

Answer Stats

HintAnswer% Correct
Who is older Shawn or Gus?Shawn
100%
Is Carlton Republican or Democratic?Republican
93%
What color dress does Carlton's Fiance where to their wedding?red
80%
What score did Shawn get on the detectives test?100
67%
What is Carlton's wife's name, (new one not the one he devorced)Marlowe
40%
What is Shawn's catchphrase?I've heard it both ways
27%
^By how much?4 months
20%
What is Chief Vik's baby's name?Iris
20%
What is Henry's middle name?William
20%
What is Boon's first name?Floyd
13%
What is Carlton's middle name?Jebediah
0%

Score Distribution

Percentile by Number Answered

Percent of People with Each Score

Your Score History

You have not taken this quiz